Teatre de cabaret 1 / Karl Valentin ; traducció de Feliu Formosa ; pròleg de Jaume Melendres
Descripción Física:
118 p. ; 17 cm
Colección:
Col·lecció popular de teatre clàssic universal / director de la col·lecció : Josep M. Carandell ; 55
Otros Autores:
Formosa, Feliu, 1934-
,
Melendres, Jaume, 1941-2009
,
Carandell, Josep Maria, 1934-2003
MARC
| LEADER | 00000nam a2200000Ia 4500 | ||
|---|---|---|---|
| 001 | 12701 | ||
| 008 | 160829s2000 xx 000 0 cat d | ||
| 080 | |a L-1-196 | ||
| 100 | |a Valentin, Karl |9 35389 |e autor | ||
| 245 | |a Teatre de cabaret 1 / Karl Valentin ; traducció de Feliu Formosa ; pròleg de Jaume Melendres | ||
| 260 | |a Barcelona : |b Institut de Teatre. Diputació de Barcelona, |c 2000 | ||
| 300 | |a 118 p. ; |c 17 cm | ||
| 490 | |a Col·lecció popular de teatre clàssic universal / director de la col·lecció : Josep M. Carandell ; 55 | ||
| 700 | |a Formosa, Feliu, |d 1934- |e traductor |9 34955 | ||
| 700 | |a Melendres, Jaume, |d 1941-2009 |e escriptor d'un pròleg |9 25255 | ||
| 700 | 1 | |a Carandell, Josep Maria, |d 1934-2003 |e director editorial |9 42674 | |
| 710 | 1 | |a Institut del Teatre (Barcelona, Catalunya) |9 52662 | |
| 901 | |a Arxiu | ||
| 942 | |n 1 |2 udc | ||
| 952 | |0 0 |1 0 |4 0 |6 L1196 |7 1 |9 46879 |a Arxiu |b Arxiu |d 2016-12-01 |l 0 |o L-1-196 |p 12701 |r 2016-12-01 00:00:00 |w 2016-12-01 |y ARXIU | ||
| 999 | |c 50672 |d 50672 | ||